Normale Ansicht MARC-Ansicht ISBD

A history of the Great War : (Titelsatznr. 25106)

[ MARC ]
MARC-Details
000 -Satzkennung
Kontrollfeld mit fester Länge 00455nam a22001811c 4500
001 - Kontrollnummer
Kontrollfeld a987671818
008 - Feld mit fester Länge zur physischen Beschreibung - Allgemeine Angaben
Kontrollfeld mit fester Länge 131119s1964 gw |||| 000u eng d
041 ## - Sprachcode
Sprachcode des Textes/der Tonspur oder des separaten Titels eng
040 ## - Katalogisierungsquelle
Übertragungsstelle RU-10907106
003 - Kontrollnummer Identifier
Kontrollfeld RU-10907106
100 1# - Haupteintragung - Personenname
Personenname Cruttwell, C. R. M. F.
245 02 - Titel
Titel A history of the Great War :
Zusatz zum Titel 1914 - 1918
250 ## - Ausgabebezeichnung
Ausgabebezeichnung 2., Aufl.
264 ## - Produktion, Veröffentlichung, Distribution, Herstellung und Urheberrechtsvermerk
Herstellungs-, Veröffentlichungs- Vertriebs-, Erzeugungsort Oxford :
Produzent, Herausgeber, Distributor, Hersteller Clarendon,
Datum der Herstellung, der Veröffentlichung, des Vertriebs oder des Urheberschutzvermerks 1964
300 ## - Physische Beschreibung
Umfang XIII, 655 S.
650 #0 - Nebeneintragung unter einem Schlagwort - Sachschlagwort
Sachschlagwort oder geografischer Name als Eintragungselement Weltkrieg <1914-1918>
942 ## - Zusätzliche Felder (Koha)
Koha-Medientyp Monographien
Exemplare
Ausgeschieden Verloren Klassifikation oder Aufstellungssystematik Beschädigt Nicht entleihbar Heimatbibliothek Aufenthaltsbibliothek Aufstellungsort Erwerbungsdatum Inventarnummer Signatur Barcode Letzte Aktivität Preis gültig von Koha-Medientyp
    Andere/Generische Klassifikation     MWN Osteuropa MWN Osteuropa Lesesaal - 1 19/11/2013 13-02557 W 61 C rf Cru E004015073EAC7DD 22/02/2021 22/03/2021 Monographien